The International Conference on the Social Protection of Family in the Conditions of the Social Sphere Transformation, Slovak Republic, High Tatras 8-12 June 1997

Bibliographic Details
Corporate Author: The International Conference on the Social Protection of Family in the Conditions of the Social Sphere Transformation Slovak Republic, High Tatras
Other Authors: Bednárik, Rastislav, 1949- (Compiler)
Format: Conference Proceeding Book
Language:English
PhysicalDescription:II, 227 s. sch., tab. 30 cm
Published: Bratislava Research Institute of Labour, Social Affairs and Family 1998
ISBN:8071380903
Subjects:

MARC

LEADER 00000cam a2200000 a 4500
001 vtls001328479
003 SK-MaSNL
005 20260301005635.0
008 250414s1998 xo r 10000 eng
015 |a SNBA1998/10-03422 
020 |a 8071380903 
035 |a SNK000281304 
035 |a urn:nbn:sk:snk-amjs80 
035 |a urn:nbn:sk:snk:ar-a0bez5 
035 |a 1ef8d6d2-8e78-45f3-8ca2-11be316ed704 
040 |a SNK  |b slo  |c SNK  |e AACR2 
041 0 |a eng 
044 |a xo  |c SK 
080 |a 362.17(082)=00  |2 1981 
111 2 |a The International Conference on the Social Protection of Family in the Conditions of the Social Sphere Transformation  |d (8-12 June 1997;  |c Slovak Republic, High Tatras)  |9 290251 
245 0 4 |a The International Conference on the Social Protection of Family in the Conditions of the Social Sphere Transformation, Slovak Republic, High Tatras 8-12 June 1997  |c Zost. Rastislav Bednárik 
246 1 2 |a Sociálna ochrana rodiny v podmienkach transformácie sociálnej sféry 
260 |a Bratislava  |b Research Institute of Labour, Social Affairs and Family  |c 1998 
300 |a II, 227 s.  |b sch., tab.  |c 30 cm 
500 |a Údaj o zost. prevzatý z tiráže 
500 |a 100 výt. 
650 0 7 |a rodina  |2 SNKPH  |9 4138 
650 0 7 |a sociálna politika  |2 SNKPH  |9 2333 
655 7 |a zborníky konferencií  |2 SNKPH  |9 70153 
655 7 |a issue_zb  |2 SNK  |9 276493 
700 1 |a Bednárik, Rastislav,  |d 1949-  |4 com  |9 5269 
710 2 |a Výskumný ústav práce, sociálnych vecí a rodiny (Bratislava, Slovensko)  |4 pbl  |9 33492 
852 |a Slovenská národná knižnica 
919 |a 80-7138-090-3 
954 |a odborná, vedecká literatúra pôvodná (slovenská)  |2 lita 
954 |a odborná, vedecká literatúra cudzojazyčná (svetová)  |2 lita 
958 |a ART 
958 |a TL 
958 |a OND 
958 |a EUIPO 
999 |c 545786  |d 547716 
952 |t P60, <03>, [BOOK], {603}  |a SNK  |b SNK  |y PREZ  |7 0  |p 17A0134587  |o snkSB 58625  |i snkKSP 4413/98  |0 0  |1 0  |4 0  |d 1998-04-22  |f 1  |l 0  |r 2017-06-30 00:00:00  |w 2026-02-23 
952 |t P60, <04>, [BOOK], {604}  |a SNK  |b SNK  |y VYP  |7 0  |p 17A0134588  |o snkSB 58625 D1  |i snkKSP 4414/98  |0 0  |1 0  |4 0  |d 1998-04-22  |l 0  |r 2005-01-02 00:00:00  |w 2026-02-23